000 00413pab a2200157 454500
008 180718b2004 xxu||||| |||| 00| 0 eng d
100 _aGechev, Rumen
245 _aViolence, political turbulence and economic development in the Balkans
260 _c2004
300 _ap.81-87.
362 _aMar
650 _aViolence
650 _aEconomic and social development
773 _aDevelopment
909 _a61907
999 _c61907
_d61907